María / (Registro nro. 3279)
[ vista simple ]
| 000 -LEADER | |
|---|---|
| fixed length control field | 00870nam a2200241Ia 4500 |
| 003 - CONTROL NUMBER IDENTIFIER | |
| control field | OSt |
| 005 - DATE AND TIME OF LATEST TRANSACTION | |
| control field | 20250415143736.0 |
| 008 - FIXED-LENGTH DATA ELEMENTS--GENERAL INFORMATION | |
| fixed length control field | 191128t2013 ck er 000 f spa d |
| 020 ## - INTERNATIONAL STANDARD BOOK NUMBER | |
| International Standard Book Number | 9789584233158 |
| 040 ## - CATALOGING SOURCE | |
| Original cataloging agency | CO-JMCR |
| Transcribing agency | CO-JMCR |
| 041 ## - LANGUAGE CODE | |
| Language code of text/sound track or separate title | spa |
| 082 04 - DEWEY DECIMAL CLASSIFICATION NUMBER | |
| Classification number | A-N |
| Item number | ISAm |
| 100 1# - MAIN ENTRY--PERSONAL NAME | |
| Personal name | Isaacs, Jorge, |
| Dates associated with a name | 1837-1895 |
| Relator term | autor |
| 9 (RLIN) | 7170 |
| 245 10 - TITLE STATEMENT | |
| Title | María / |
| Statement of responsibility, etc. | Jorge Isaacs |
| 250 ## - EDITION STATEMENT | |
| Edition statement | Primera edición |
| 260 ## - PUBLICATION, DISTRIBUTION, ETC. | |
| Place of publication, distribution, etc. | Bogotá : |
| Name of publisher, distributor, etc. | Planeta Colombiana, |
| Date of publication, distribution, etc. | 2013 |
| 300 ## - PHYSICAL DESCRIPTION | |
| Extent | 405 páginas ; |
| Dimensions | 21 cm. |
| 490 0# - SERIES STATEMENT | |
| Series statement | Grandes éxitos |
| 500 ## - GENERAL NOTE | |
| General note | Incluye datos biográficos del autor. |
| 520 ## - SUMMARY, ETC. | |
| Summary, etc. | El libro, en el que ya se aprecian algunas de las características de la futura novela hispanoamericana, narra en primera persona el amor de Efraín por su prima María, joven de quince años, enferma de un mal incurable. |
| 650 14 - SUBJECT ADDED ENTRY--TOPICAL TERM | |
| Topical term or geographic name entry element | Novela colombina |
| 9 (RLIN) | 7171 |
| 942 ## - ADDED ENTRY ELEMENTS (KOHA) | |
| Source of classification or shelving scheme | Dewey Decimal Classification |
| Koha item type | Books |
| Withdrawn status | Lost status | Source of classification or shelving scheme | Damaged status | Not for loan | Collection code | Home library | Current library | Date acquired | Source of acquisition | Coded location qualifier | Total Checkouts | Full call number | Barcode | Date last seen | Date last checked out | Copy number | Koha item type |
|---|---|---|---|---|---|---|---|---|---|---|---|---|---|---|---|---|---|
| Dewey Decimal Classification | Fiction | Biblioteca Pública José María del Castillo y Rada | Biblioteca Pública José María del Castillo y Rada | 11/28/2019 | Donación | $0 | 1 | A-N ISAm1 | 201507017 | 10/11/2023 | 10/11/2023 | Ej.1 | Books |